000 02439nam a2200469 c 4500
999 _c65304
_d65304
003 BLK
005 20250408144651.0
008 180408b bul|||||r ||||||| ||bul||
010 _aKNG00069580000
020 _a954-9964-87-6
040 _aBLK
041 _aBUL
_cBUL
080 _aМетоди на управление. Мениджмънт. Анализи, планиране, ръководство, сътрудничество, контрол, коопериране и др.
_b005.5
_z005.5
080 _aМеждународни икономически отношения. Външностопанска политика. Световно стопанство
_b339.9
_z339.9
080 _aИнформационно общество
_b316.324:681.3
_z316.324:681.3
100 1 _aДракър, Питър Фердинанд
_eпърви автор
_965284
139 _aДракър, Питър Фердинанд
_bД 87
245 1 0 _aМениджмънтът в следващото общество
_cПитър Фердинанд Дракър; прев. от англ. Стою Керванбашиев; прев. от англ. Георги Маринов.
257 _aUSA
260 _bКласика и Стил
_c2006
_fВ. Търново : Абагар
300 _a250 с.
_c20 см
380 _a0
490 1 _aДостъпно бизнес познание
500 _aОриг. загл. Managing in the next society / Peter F. Drucker. - Съдържа и Терминологични уточнения. - Азб. показалец.
650 4 _aУправление и организация
_9265069
650 4 _aСветовно стопанство
_9251664
650 4 _aИнформационно общество
_9283573
653 _aинформационно общество
653 _aпредприемачество
653 _aиновации
653 _aглобално развитие
653 _aсветовно стопанство
700 1 _aКерванбашиев, Стою
_eпрев. от англ.
_9267109
700 1 _aМаринов, Георги
_eпрев. от англ.
_gГеоргиев, Георги Маринов
_9363694
852 _aЦб 230137
856 4 _qpdf
856 4 _qpdf
942 _cKNG
_n0
_013
_s1
944 _aCR
_c21.11.2006
_k30576
_lЦветомила Тодорова
944 _aED
_c27.11.2012
999 _d65304